| 000 | 00692nam a2200229 a 4500 | ||
|---|---|---|---|
| 999 |
_c2152 _d2152 |
||
| 001 | 2152 | ||
| 003 | BD-JhCC | ||
| 005 | 20221018134024.0 | ||
| 008 | 171030s2008 bg |||| |||| 000 0 ben d | ||
| 020 | _a9848684662 | ||
| 035 | _a(BD-JhCC)2152 | ||
| 040 |
_aBD-JhCC _dBD-JhCC |
||
| 041 | _aben | ||
| 082 |
_a891.443 _b AHM 2008 |
||
| 100 | _aআহমেদ, হুমায়ূন | ||
| 245 |
_aমিসির আলীর চশমা / _cহুমায়ূন আহমেদ |
||
| 260 |
_aঢাকা : _bঅন্যপ্রকাশ, _c২০০৮. |
||
| 300 |
_a৭৯ পৃ . : _c২১ সেমি. |
||
| 650 | _aBengali Novel | ||
| 942 |
_2ddc _cBK _09 |
||